| 000 | 00755nam a2200241Ia 4500 | ||
|---|---|---|---|
| 003 | OSt | ||
| 005 | 20220926011752.0 | ||
| 006 | a|||||r|||| 00| 0 | ||
| 007 | ta | ||
| 008 | 220923b |||||||| |||| 00| 0 eng d | ||
| 037 | _cGeneral Book | ||
| 040 |
_aRTL _cRTL _beng |
||
| 041 |
_2eng _aeng |
||
| 082 | _aX:8F, K5 | ||
| 100 |
_aGrady Paul _9314864 |
||
| 245 | 0 | _aInventory of generally accepted accounting princip | |
| 260 |
_aNew York _bAICPB _c1965 |
||
| 300 |
_axii,469p _ccm. |
||
| 490 | _aAmerican Institute of Certified Public Accountants, Accounting Research Study.7 | ||
| 500 | _aBibliography: P 449-451; Appendix at the end of few chapters | ||
| 942 |
_hX:8F, K5 _cGB _2CC |
||
| 999 |
_c620880 _d620880 |
||